000 00814nam a2200289Ia 4500
003 OSt
005 20221006142123.0
006 a|||||r|||| 00| 0
007 ta
008 221006b |||||||| |||| 00| 0 eng d
020 _c
_11.00
024 _a5,344
037 _cTextual
040 _aEASL
_cEASL
_beng
041 _2eng
_aeng
082 _aW.42.N70bY12, L4
100 _aKRAUSS Ellis S
_9646925
245 0 _aJapanese radicals revisited
_b Student protest in postwar Japan
260 _aBerkeley
_bUniversity of California Press
_c1974
300 _a192p.
_ccm.
490 _v JEL
650 _a Adult - Japan
_9646926
650 _a Japanese student activists
_9646927
650 _aJEL
942 _hW.42.N70bY12, L4
_cTEXL
_2CC
999 _c1073430
_d1073430